| 000 | 01957cam a22003015a 4500 | ||
|---|---|---|---|
| 001 | 18953996 | ||
| 005 | 20160726150412.0 | ||
| 008 | 160129s2015 enk frb 001 0 eng d | ||
| 010 | _a 2015506753 | ||
| 020 | _a1849466742 | ||
| 020 | _a9781849466745 | ||
| 035 | _a(OCoLC)ocn893893999 | ||
| 040 |
_aBTCTA _beng _cBTCTA _erda _d EG-ScBUE |
||
| 042 | _apcc | ||
| 082 | 0 | 4 |
_222 _a342 _bNAT |
| 245 | 0 | 0 |
_aNationalism and globalisation / _cedited by Stephen Tierney. |
| 260 |
_aOxford ; _aPortland, Oregon : _bHart Publishing Ltd / Bloosbury Publishing plc, _cc.2015. |
||
| 300 |
_avi, 283 p. ; _c24 cm. |
||
| 500 | _aIndex : p. 275-283. | ||
| 504 | _aBibliography : p. 253-273. | ||
| 505 | 0 | 0 | _tNationalism and Globalisation : New Settings, New Challenges /Stephen Tierney -- Globalisation of Nationalism and the Law /John Breuilly -- Nationalism After the State? /Michael Keating -- Sub-State Nations and Strong States : The Accommodation Impasse? /Stephen Tierney -- Re-Thinking Nationalism After Yugoslavia : Multi/Plurinational Regionalisms as Alternatives to Statehood /Dejan Stjepanovic -- Southphalia or Southfailure? : National Pluralism and the State in South Asia /Asanga Welikala -- Modelling Democratic Secession in International Law /Steven Wheatley -- Beyond Secession? : Law in the Framing of the National Polity /Neil Walker -- Which Pluralism? : External Self-Determination at the Intersection of National, Social and Geopolitical Emancipation /Zoran Oklopcic -- Between Cosmopolis and Community : Justice and Legitimacy in a European Union of Peoples /Richard Bellamy -- 'Even Children Lisp the Rights of Man' : International Human Rights Law and National Minority Jurisdictions /Cormac Mac Amhlaigh. |
| 650 | 7 |
_aGlobalization. _2BUEsh _932203 |
|
| 650 | 7 |
_aNationalism. _2BUEsh _939761 |
|
| 650 | 7 |
_aConstitutional law. _2BUEsh _940464 |
|
| 651 | _2BUEsh | ||
| 700 | 1 |
_aTierney, Stephen _eeditor. _940463 |
|
| 942 |
_2ddc _e22 _k342 NAT |
||
| 999 |
_c22035 _d22007 |
||